000 00528nam a2200157 a 4500
008 120416s2002 ||||||||||||||||| || u
020 _a0750656247
050 _aHD 38 Dru
100 _aDrucker, Peter F
245 1 0 _aManaging in the next society
260 _aOxford
_bButterworth-Heinemann
_c2002
300 _axiii, 321p.
350 _a0.00
650 0 _aMANAGEMENT
995 _D0.00
_FCBU-MAIN LIBRARY (Kitwe)
_H1
_I27.50
_M1
_UAVAILABLE
_ZMain Library Open Access Collection
999 _c50165
_d50165